000 00776namaa2200205 i 4500
001 178903
003 ES-MaACL
005 20230906220624.0
008 110808s1873 fr | |||| ||fre d
080 _a159.9.016.1
100 1 _aBain, Alexander.
_924726
245 1 2 _aL'esprit et le corps considérés au point de vue de leurs relations
_b; suivis d'études sur les erreurs généralement répandues au sujet de l'esprit /
_cpar A. Bain.
260 _aParis :
_bLibrairie Germer Baillière et Cª,
_c1873.
300 _a280 p. ;
_c22 cm.
490 1 _aBibliothèque scientifique internationale ;
_v4
650 0 4 _aMente y cuerpo.
_914993
830 0 _aBibliothèque scientifique internationale ;
_v4
_9186949
852 _aES-MaACL
_jF-14335
999 _c178903
_d178903